A guantánamói fogvatartottak tisztességes eljáráshoz fűződő joga

Elmentve itt :
Bibliográfiai részletek
Szerző: Kolláth Anna
További közreműködők: Mezei Péter (Témavezető)
Dokumentumtípus: Szakdolgozat
Megjelent: 2010
Tárgyszavak:
Law
Online Access:http://diploma.bibl.u-szeged.hu/83921
LEADER 00845nta a2200229 i 4500
001 dipl83921
005 20200423090102.0
008 200423s2010 hu om 0|| zxx d
040 |a SZTE Diploma Repozitórium  |b hun 
041 |a zxx 
100 1 |a Kolláth Anna 
245 1 2 |a A guantánamói fogvatartottak tisztességes eljáráshoz fűződő joga  |h [elektronikus dokumentum] /  |c Anna Kolláth 
246 1 0 |a The Guantanamo detainees’ right to fair trial  |h [elektronikus dokumentum] 
260 |c 2010 
650 4 |a Jogi és igazgatási tanulmányok 
650 4 |a Social sciences 
650 4 |a Law 
650 4 |a Political science 
650 4 |a Political science 
650 4 |a Political systems and institutions, governance 
700 1 |a Mezei Péter  |e ths 
856 4 0 |u http://diploma.bibl.u-szeged.hu/id/eprint/83921/1/SZD_NET_KOAN.pdf  |z Dokumentum-elérés